Представление документа в формате MARC21

Поле Инд. ПП Название Значение
Тип записи a
Библиографический уровень m
001 Контрольный номер RU/IS/BASE/255538211
005 Дата корректировки 20230216103040.1
020 a ISBN 5-94157-696-Х
040 b Код языка каталог. rus
041 0_ a Код языка текста rus
080 a Индекс УДК 004.9
084 a Индекс другой классификации/Индекс ББК 32.973.26-018.2
090 a Полочн. индекс 681.3
x Авторский знак С47
097 b Оператор 02
100 1_ a Автор Слепченко К.
245 10 a Заглавие Macromedia Flash Professional 8 на примерах
260 a Место издания Санкт-Петербург
b Издательство БХВ-Петербург
c Дата издания 2007
300 a Объем 416 с.
e Сопроводительные материалы CD
b Иллюстрации/ тип воспроизводства ил.
510 0_ a Примечание о ссылках Книги и методические пособия
650 04 a Основная рубрика 50.41 Программное обеспечение вычислительных машин, комплексов и сетей
x Основная подрубрика 50.41.25 Прикладное программное обеспечение
653 0_ a Ключевые слова flash; дизайн; графика; программы (выч. техника); прикладные программы
901 t Тип документа m